| 000 | 00350nam a2200145Ia 4500 | ||
|---|---|---|---|
| 008 | 210719s1879 xx 000 0 und d | ||
| 041 | _aeng | ||
| 082 | _a823.7 SCOC | ||
| 100 | _aSCOTT (Walter) | ||
| 245 | _aCount Robert of paris. | ||
| 260 |
_aBelfast _bMarcus Ward & Co _c1879 |
||
| 300 |
_a382 _bHB |
||
| 365 | _cRs | ||
| 650 | _aEnglish Fiction | ||
| 999 |
_c214121 _d214121 |
||